000 00766cam a2200205 i 4500
005 20251210113035.0
008 250721r1985 le gr 000 0 ara d
082 1 4 _a216,3
_bغ ز ا
100 1 _aالغزالي، حجة الإسلام أبو حامد محمد
_eمؤلف.
245 1 0 _aكتاب الحلال و الحرام من أحياء علوم الدين /
_cتاليف الامام ابو حامد الغزالي.
250 _aالطبعة الثانية.
264 3 1 _aبيروت :
_bدار القراء،
_c1985.
300 _a178صفحة.
650 1 7 _aالإسلام.
650 1 7 _aالفقه.
650 1 7 _aالمعاملات (فقه إسلامي).
700 1 _aالسيد، رضوان
_eمقدم.
942 _2ddc
_cBK
999 _c996
_d996